1948 1606 1404 1566 1752 1342 1164 1105 1734 1764 1138 1344 1879 1584 1112 1313 1249 1688 1582 1753 1626 1566 1974 1737 1806 1668 1452 1568 1003 1035 1351 1176 1268 1254 1117 1184 1102 1534 1421 1784 1772 1172 1465 1553 1893 1584 1939 1844 1623 1057 1104 1484 1992 1282 1289 1641 1517 1284 1553 1449 1426 1690 1793 1571 1631 1156 1870 1942 1659 1274 1289 1008 1728 1788 1129 1728 1269 1920 1950 1477 1118 1315 1274 1849 1480 1881 1038 1575 1181 1048 1599 1866 1192 1931 1275 1723 1041 1380 1296 BCNSPRNW ULIB Ver.6.0+V

เปลี่ยนเป็นภาษาไทย

Change to English
 แสดงรายละเอียดบรรณานุกรม
  กลับหน้าหลัก

Brief Record : Get Marc (ISO 2709) : E-mail record : QR code < ปิดหน้าต่าง
LEADER : 00000nam 2200000uu 4500
001    13399113565
003     ULIB
008    111128s2551||||th 000 0 tha d
020    ^a9789741062065
090    ^aนว.^bA111ร 2551
100 0  ^aThe Little Finger
245 00 ^aเรือนรักที่พักใจ/^cAndra
250    ^aพิมพ์ครั้งที่ 2
260    ^aกรุงเทพฯ :^bแจ่มใส,^c2551
300    ^a346 หน้า
710 1  ^aแจ่มใส
945    ^p219^l0^i15324
995    ^aกัณชพร
999    ^aใช้งานได้ทุกระบบ
รายการนี้ยังไม่มีแท็ก
คุณยังไม่ได้ล็อกอิน คุณสามารถมีกิจกรรมร่วมกับเว็บไซต์ได้ แต่ต้องล็อกอินก่อน ::
  ล็อกอิน

รายการสื่อสารสนเทศ

ลำดับที่ ประเภท เลขเรียก/บาร์โค้ด สถานที่ สถานะ
1. นวนิยาย
นวนิยาย
นว. A111ร 2551  
  Barcode: 15324
ห้องสมุดวิทยาเขตสวรรค์ประชารักษ์
►นวนิยาย
บนชั้น
  ขอยืม

รายการใกล้เคียง
    ผู้แต่ง [The Little Finger]

BibComment


ยังไม่เคยถูกคอมเมนท์

คอมเมนท์ทรัพยากรรายการนี้
  คอมเมนท์: เรือนรักที่พักใจ..


 Copyright 2026. Bcnsprnw @Library